| 000 | 00696nam a2200229Ia 4500 | ||
|---|---|---|---|
| 003 | GCL | ||
| 008 | 140319s9999 xx 000 0 ara d | ||
| 040 |
_aGCL / _cGCL |
||
| 082 | 0 | 4 |
_a200.9 _bم م |
| 100 | 1 | _aمحمد سيد احمد المسير | |
| 245 | 1 | 0 |
_aالمدخل لدراسة الاديان / _cمحمد سيد احمد المسير |
| 300 | _a335 ص | ||
| 490 |
_aالهيئة العامة للاستعلامات _v0 |
||
| 650 | 0 | 4 | _aتاريخ |
| 650 | 0 | 4 | _aالاسلام |
| 650 | 0 | 4 | _aاليهودية |
| 650 | 0 | 4 | _aالديانات |
| 650 | 0 | 4 | _aالديانات القديمة |
| 650 | 0 | 4 | _aالكتب السماوية |
| 650 | 0 | 4 | _aالاديان |
| 942 |
_2ddc _cBK |
||
| 999 |
_c49214 _d49214 |
||